Statistics for Brewers Retired Numbers

Click here to take the quiz!

General Stats

  • This quiz has been taken 187 times
  • The average score is 4 of 6

Answer Stats

HintAnswer% Correct
19Robin Yount
95%
All MLB - 42Jackie Robinson
87%
4Paul Molitor
80%
44Hank Aaron
76%
34Rollie Fingers
61%
50Bob Uecker
36%

Score Distribution

Percentile by Number Answered

Percent of People with Each Score

Your Score History

You have not taken this quiz